00735nam a2200217 a 450000100100000000500170001000800410002702000150006804000250008308200200010810000340012824500490016226000660021130000210027749000240029858600870032265000240040965000270043371000330046083000240049300001099520250409122709.0091013s2001 dr 000 p spa d a9993483117 aDO-SdBNPbspacBNPHU aRD861.44bV145n1 aValdez, Pedro Antonio,d1968-10aNaturaleza muerta /cPedro Antonio Váldez. aSan Pedro de Macorís, República Dominicana :bUCE,c2001. a137 p. ;c23 cm.1 aXXX Aniversario UCE aPrimer lugar en el Concurso Nacional de Literatura UCE, género de poesía, 2000 0aPoesía dominicana 0aLiteratura dominicana.1 aUniversidad Central del Este 0aXXX Aniversario UCE